| 000 | 03394nam a2200337 a 4500 | ||
|---|---|---|---|
| 003 | OSt | ||
| 005 | 20250422072847.0 | ||
| 007 | cr ||||||a|c|a | ||
| 008 | 240815s2024 mx a|||fom||| 001 0 spa d | ||
| 040 | _erda | ||
| 100 | 1 |
_aHernández López, Yadira _9189429 |
|
| 245 | 1 | 0 |
_aCalidad fisiológica de quinua (Chenopodium quinoa Willd.) con diferentes empaques y temperatura de almacenamiento / _cpor Yadira Hernández López; director de tesis Agustín de Jesús López Herrera; secretario Arturo Curiel Rodríguez; vocal Samuel Sánchez Domínguez; suplente Carlos Sánchez Abarca; suplente Arturo Chong Eslava. |
| 264 | 1 |
_aChapingo, México : _bEl autor, _c2024. |
|
| 300 |
_a1 recurso en línea (83 páginas): _bcuadros, figuras. |
||
| 336 |
_2rdacontent _atexto _btxt |
||
| 337 |
_2rdamedia _acomputadora _bc |
||
| 338 |
_2rdacarrier _arecurso en línea _bcr |
||
| 502 |
_bIAEF _cFitotecnia _d2024. _gLIC |
||
| 504 | _aIncluye referencias bibliográficas: páginas 58-62. | ||
| 520 | _aEl presente trabajo tuvo como objetivo evaluar la calidad fisiológica de las semillas de quinua (Chenopodium quinoa Willd) en la variedad Blanca Tlachichuca (BT) y Roja Tlachichuca (RT) almacenadas en: bolsa de plástico nylon, manta y papel Kraft; con temperaturas en el ambiente de 22 °C (±5°), 10° y -15 °C durante un periodo de ocho y 15 meses. Tal objetivo se evaluó con las variables porcentaje de germinación, longitud de radícula (LR) y coleoptilo (LC), y como integridad física se evaluaron peso hectolitrico (PHL), peso de mil semillas (PMS), porcentaje de humedad (PHU), peso seco (PS) y fresco (PF). Transcurridos ocho meses de almacenamiento en la bolsa de manta y papel Kraft ambos a -15 °C en la variedad BT fueron los tratamientos que tuvieron una menor reducción del porcentaje de plántulas normales (PPN) con 25.75 % con base en el inicio del experimento. Así mismo en la variedad RT en cualquier empaque utilizado a -15 °C se obtuvo una reducción en el PPN mínima de 4.5 %. A los 15 meses la calidad fisiológica en la variedad BT disminuye a 0.00 % de plántulas normales en la mayoría de los tratamientos, así también en RT la semilla almacenada a 22 °C perdió más rápido su PPN mientras que a 10° y -15 °C se redujo con un mínimo de 26.00 % mismo comportamiento se presenta en las variables LR y LC. En resumen, el almacenamiento a 22 °C es menos eficiente para la conservación del poder germinativo de las semillas, ya que mostró un deterioro acelerado. Mantener la semilla a -15 °C en cualquier empaque conservara por más tiempo el PPN. La combinación de un empaque impermeable y temperaturas controladas favorecen la conservación de las calidades físico fisiológica en las semillas de quinua en las variedades experimentadas. | ||
| 650 | 4 |
_aQuinoa _xGerminación _9132672 |
|
| 650 | 4 |
_aTemperatura _xEfecto en quinoa _9189430 |
|
| 650 | 4 |
_aQuinoa _xAlmacenamiento _9189431 |
|
| 700 | 1 |
_aLópez Herrera, Agustín de Jesús _967981 _eDirector de tesis. |
|
| 700 | 1 |
_aCuriel Rodríguez, Arturo _930520 _eSecretario. |
|
| 700 | 1 |
_aSánchez Domínguez, Samuel _eVocal. _9107478 |
|
| 700 | 1 |
_aSánchez Abarca, Carlos _9107301 _eSuplente. |
|
| 700 | 1 |
_aChong Eslava, Arturo _922863 _eSuplente. |
|
| 856 |
_uhttp://10.13.5.2/tesis/tl/1311121-2_HERNANDEZ_LOPEZ_YADIRA.pdf _zDESCARGAR PDF |
||
| 942 |
_2Clasificación Universidad Autónoma Chapingo _cTD |
||
| 999 |
_c220083 _d220083 |
||